00467nam a2200205Ia 4500003000900000008004100009040001300050040001300063041000800076100002100084100000800105245004400113250001100157260002400168260000900192300001100201300001000212490003300222490000600255IT-RoPAU120407s9999 xx 000 0 und d aIT-RoPAU cIT-RoPAU aita aGalasso Andreoli cdon aCappellano con la FIAT a Togliattigrad. aMilano aLa Casa di Matriona c1992 a144 p. c23 cm aQuaderni dell’altra Europa v1